000
00214nam a22000857a 4500
008
160805b xxu||||| |||| 00| 0 eng d
100
_9
46
_a
Shreelatha
245
_a
Physics-IX
260
_a
New Delhi
_b
APC Publication
_c
2011
999
_c
2698
_d
2698